Night thoughts.

Bibliographic Details
Main Author: Wilson, Edmund, 1895-1972
Format: Book
Language:English
Published: New York : Farrar, Straus and Cudahy, [1961]

MARC

Tag First Indicator Second Indicator Subfields
LEADER 00000cam a2200000 4500
001 in00000031452
005 20151007061702.0
008 720424s1961 nyua 00000 eng u
010 |a  61015762  
035 |a (OCoLC)00291461 
035 |9 AAD2769AM 
040 |c WSU  |d TXA  |d UtOrBLW 
049 |a TXAM  |c 1 [A01221795], 2 [A11664369] 
050 0 |a PS3545.I6245  |b N5 
100 1 |a Wilson, Edmund,  |d 1895-1972. 
245 1 0 |a Night thoughts. 
264 1 |a New York :  |b Farrar, Straus and Cudahy,  |c [1961] 
300 |a 282 pages :  |b illustrations ;  |c 20 cm. 
336 |a text  |b txt  |2 rdacontent 
337 |a unmediated  |b n  |2 rdamedia 
338 |a volume  |b nc  |2 rdacarrier 
999 |a MARS 
999 f f |s 5fa78b3b-bb57-32b7-98e9-094591bc1d4c  |i c3bb7e64-e2c8-3032-8057-77b90382d8de  |t 0 
952 f f |p ric  |a Texas A&M University  |b Rellis Campus  |c Joint Library Facility  |d Remote Storage  |t 0  |e PS3545.I6245 N5  |h Library of Congress classification  |i unmediated -- volume  |m A14811664369 
998 f f |a PS3545.I6245 N5  |t 0  |l Remote Storage